000 00939cam a22002891a 4500
001 gs 60000210
003 DLC
005 20260227111409.0
008 780803s1959 dcuab b f001 0 eng
010 _ags 60000210
035 _a(OCoLC)4106983
040 _aDLC
_cOClU
_dDNAL
_dDLC
050 0 0 _aQE75
_b.B9 no. 1093
051 _aQE84.A4
_bM5
070 0 _a407
_bG29B no.1093
072 0 _aX400
100 1 _aMiller, Robert D.
_q(Robert David),
_d1922-
245 1 0 _aSurficial geology of Anchorage and vicinity, Alaska /
_cby Robert D. Miller and Ernest Dobrovolny.
260 _aWashington, [D.C.] :
_bU.S. G.P.O.,
_c1959.
300 _av, 128 p. :
_bill., col. map ;
_c24 cm.
440 0 _aGeological Survey bulletin ;
_v1093
500 _aSix folded leaves in pocket.
504 _aBibliography: p. 122-125.
500 _aIncludes index.
650 0 _aGeology
_zAlaska
_zAnchorage area.
700 1 _aDobrovolny, Ernest,
_d1912-
999 _c29453
_d29453